000 00484cam a2200169 a 4500
999 _c288
_d288
020 _a0632042877
050 0 0 _aQL739.23
_b.J64 JOH
100 1 _aJohnson, M. H.
245 1 0 _aEssential reproduction /
_cMartin H. Johnson, Barry J. Everitt.
250 _a5th ed.
260 _aMalden, MA :
_bBlackwell Science,
_c2000.
300 _axvi, 285 p. :
_bill. (some col.) ;
_c28 cm.
500 _aINCLUDES INDEX
650 0 _aMammals
_xReproduction.
700 1 _aEveritt, Barry J.
942 _cBK